000 01513nam a2200409 i 4500
001 14827
003 KOSZ 005
005 20220307143304.0
008 070728s1971 pl f d 000 0 pol
015 _aPB 1972/1376
035 _a991035618889705066
035 _a(PL-WaBN)b19579688-48omnis_nlop
035 _ab19579688
035 _a(OCoLC)830853032
035 _a(PL)b0000001957968
035 _a(EXLNZ-48OMNIS_NETWORK)9910520349805606
040 _aWA N
_cWA N
_dKOSZ 005/KK
080 _a808.4-1
100 1 _aJodłowski, Stanisław
_d(1902-1979).
_eAutor
245 1 0 _aSłownik ortograficzny i prawidła pisowni polskiej /
_cS. Jodłowski, W. Taszycki.
250 _aWydanie 7 (nakład 3) przerobione i rozszerzone dostosowane do uchwał Komitetu Językoznawstwa Polskiej Akademii Nauk z roku 1956.
260 _aWrocław :
_bZakład Narodowy im. Ossolińskich,
_c1971.
300 _a814, [2] strony ;
_c18 cm.
336 _2rdacontent
_aTekst
_btxt
337 _2rdamedia
_aBez urządzenia pośredniczącego
_bn
338 _2rdacarrier
_aWolumin
_bnc
380 _aKsiążki
388 _a1901-2000
650 7 _aJęzyk polski
_2DBN
658 _aJęzykoznawstwo
655 7 _aSłownik języka polskiego
_2DBN
655 7 _aSłownik ortograficzny
_2DBN
700 1 _aTaszycki, Witold
_d(1898-1979)
856 _uhttp://koha.tu.koszalin.pl/cgi-bin/koha/opac-detail.pl?biblionumber=14827
_yKatalog oline BPK
942 _2UKD
_cKS
999 _c14827
_d14827